State by City #2 - Statistics

General Stats
  • This quiz has been taken 28 times
  • The average score is 12 of 15
Answer Stats
Hint Answer % Correct
Boise Idaho
100%
Reno Nevada
100%
Niagara Falls New York
96%
Toledo Ohio
96%
Knoxville Tennessee
96%
Richmond Virginia
96%
Minnetonka Minnesota
92%
Tacoma Washington
92%
Greensboro North Carolina
88%
Allentown Pennsylvania
88%
Shreveport Louisiana
77%
Sitka Alaska
54%
Hopkinsville Kentucky
35%
Hampton New Hampshire
27%
Yankton South Dakota
23%
No matching quizzes found
Score Distribution
Percent of People with Each Score
Percentile by Number Answered
Your Score History
You have not taken this quiz